|
|
|
|
| LEADER |
00000nam0a2200000 4500 |
| 001 |
375734 |
| 005 |
20231102012748.0 |
| 020 |
|
|
|a RU
|b 83-31780
|
| 035 |
|
|
|a (RuTPU)RU\TPU\retro\33173
|
| 035 |
|
|
|a RU\TPU\book\280782
|
| 090 |
|
|
|a 375734
|
| 100 |
|
|
|a 20221221d1983 km y0rusy5003 ca
|
| 101 |
0 |
|
|a rus
|
| 102 |
|
|
|a RU
|
| 105 |
|
|
|a y z 000zy
|
| 200 |
1 |
|
|a Эффективность производства и ее слагаемые
|f под ред. В. С. Вечканова, С. В. Шарутина
|
| 210 |
|
|
|a Ленинград
|c Изд-во ЛГУ
|d 1983
|
| 215 |
|
|
|a 151 с.
|
| 300 |
|
|
|a Авт. указаны на 4-й с.
|
| 606 |
1 |
|
|a Экономическая эффективность
|2 stltpush
|3 (RuTPU)RU\TPU\subj\26590
|9 50482
|
| 610 |
1 |
|
|a производство
|
| 610 |
1 |
|
|a содержание
|
| 610 |
1 |
|
|a формы
|
| 610 |
1 |
|
|a экономические показатели
|
| 610 |
1 |
|
|a эффективность
|
| 610 |
1 |
|
|a эффективные показатели
|
| 610 |
1 |
|
|a эффективные модели
|
| 610 |
1 |
|
|a хозрасчет
|
| 610 |
1 |
|
|a социалистическое соревнование
|
| 686 |
|
|
|a У9(2)0-07
|2 rubbk
|
| 702 |
|
1 |
|a Вечканов
|b В. С.
|4 340
|
| 702 |
|
1 |
|a Шарутин
|b С. В.
|4 340
|
| 801 |
|
0 |
|a RU
|b RuMRKP
|c 19950704
|g psbo
|
| 801 |
|
1 |
|a RU
|b 63413507
|c 20140422
|
| 801 |
|
2 |
|a RU
|b 63413507
|c 20221221
|g RCR
|
| 942 |
|
|
|c BK
|